000
00286nam a2200121 a 4500
008
101026s1970|||| d
100
1
_a
Markov, Georgi
245
1
0
_a
Ženy diabolského vrchu
260
_b
Tatran
_a
Bratislava
_c
1970
020
_c
12,50
041
_a
slo
044
_a
xo
_c
SK
999
_c
12304
_d
12304